<?xml version="1.0" encoding="UTF-8"?><?xml-stylesheet type="text/xsl" href="static/style.xsl"?><OAI-PMH xmlns="http://www.openarchives.org/OAI/2.0/" xmlns:xsi="http://www.w3.org/2001/XMLSchema-instance" xsi:schemaLocation="http://www.openarchives.org/OAI/2.0/ http://www.openarchives.org/OAI/2.0/OAI-PMH.xsd"><responseDate>2026-04-28T10:46:14Z</responseDate><request verb="GetRecord" identifier="oai:riubu.ubu.es:10259/11237" metadataPrefix="marc">https://riubu.ubu.es/oai/request</request><GetRecord><record><header><identifier>oai:riubu.ubu.es:10259/11237</identifier><datestamp>2026-01-20T01:05:21Z</datestamp><setSpec>com_10259_9622</setSpec><setSpec>com_10259_5086</setSpec><setSpec>com_10259_2604</setSpec><setSpec>col_10259_9623</setSpec></header><metadata><record xmlns="http://www.loc.gov/MARC21/slim" xmlns:doc="http://www.lyncode.com/xoai" xmlns:xsi="http://www.w3.org/2001/XMLSchema-instance" xmlns:dcterms="http://purl.org/dc/terms/" xsi:schemaLocation="http://www.loc.gov/MARC21/slim http://www.loc.gov/standards/marcxml/schema/MARC21slim.xsd">
<leader>00925njm 22002777a 4500</leader>
<datafield tag="042" ind1=" " ind2=" ">
<subfield code="a">dc</subfield>
</datafield>
<datafield tag="720" ind1=" " ind2=" ">
<subfield code="a">Huerta Zavala, Pilar Angélica</subfield>
<subfield code="e">author</subfield>
</datafield>
<datafield tag="720" ind1=" " ind2=" ">
<subfield code="a">Luo, Chenxi</subfield>
<subfield code="e">author</subfield>
</datafield>
<datafield tag="720" ind1=" " ind2=" ">
<subfield code="a">Matos Cámara, Rafael Fabricio</subfield>
<subfield code="e">author</subfield>
</datafield>
<datafield tag="720" ind1=" " ind2=" ">
<subfield code="a">Bernárdez-Vilaboa, Ricardo</subfield>
<subfield code="e">author</subfield>
</datafield>
<datafield tag="260" ind1=" " ind2=" ">
<subfield code="c">2026-01</subfield>
</datafield>
<datafield tag="520" ind1=" " ind2=" ">
<subfield code="a">This study evaluated an educational strategy based on Socrative and social networks to develop competencies in 103 university students of optics and economics. The objective was to analyze how this methodology affects the self-perception of skills such as communication, leadership and collaborative learning. A quantitative, cross-sectional approach was used with pretest and post-test questionnaires and Likert scale items on five key competencies. The results revealed an increase in motivation and leadership self-perception, highlighting positive interaction in social networks and teamwork. Factor analysis confirmed the coherence of the competency factors studied. However, limitations were identified in the stability of the groups due to frequent changes of spokesperson and lack of control in the dynamics. This strategy is innovative in stimulating collaborative learning, enhancing students’ motivation by using social networks.</subfield>
</datafield>
<datafield tag="024" ind2=" " ind1="8">
<subfield code="a">https://hdl.handle.net/10259/11237</subfield>
</datafield>
<datafield tag="024" ind2=" " ind1="8">
<subfield code="a">10.1080/2331186X.2025.2612315</subfield>
</datafield>
<datafield tag="024" ind2=" " ind1="8">
<subfield code="a">2331-186X</subfield>
</datafield>
<datafield ind1=" " ind2=" " tag="653">
<subfield code="a">Competence</subfield>
</datafield>
<datafield ind1=" " ind2=" " tag="653">
<subfield code="a">Socrative</subfield>
</datafield>
<datafield ind1=" " ind2=" " tag="653">
<subfield code="a">Communication</subfield>
</datafield>
<datafield ind1=" " ind2=" " tag="653">
<subfield code="a">Strategies</subfield>
</datafield>
<datafield tag="245" ind1="0" ind2="0">
<subfield code="a">Developing university competencies through learning and exchange of ideas. A multidisciplinary approach</subfield>
</datafield>
</record></metadata></record></GetRecord></OAI-PMH>